00513nam a2200205Ia 4500008004000000020001600040041000800056082001800064100001900082245005500101260004100156300001200197650001000209650001000219650000800229650001600237650001300253650001800266700002300284210210b2007 xxu||||| |||| 00| 0 eng d a81219148117 aeng a001.6402 AGGC aAGGARWAL (R S) aComprehensive guide for M.C.A entrance examination aNew DelhibS. Chand & Co. Ltd.c2007 avi--416 aM.C.A aguide afor aexamination aentrance aComprehensive aAGGARWAL ( Deepak)